[Event "Skakligaen 2022-23"]
[Site "Denmark"]
[Date "2023.01.14"]
[Round "5.2"]
[White "Rozentalis, Eduardas"]
[Black "Thogersen, Rasmus"]
[Result "0-1"]
[WhiteElo "2500"]
[BlackElo "2323"]
[PlyCount "82"]
[EventDate "2022.10.29"]
[EventType "team-tourn"]
[EventRounds "9"]
[EventCountry "DEN"]
[SourceTitle "Holdskaksystemet"]
[WhiteTeam "Koge"]
[BlackTeam "SK1968"]

1. e4 c5 2. Nf3 d6 3. Bb5+ Nd7 4. Ba4 Ngf6 5. O-O e6 6. Qe2 a6 7. c3 b5 8. Bc2
c4 9. b3 Qc7 10. bxc4 bxc4 11. Na3 Nb6 12. Rb1 Nfd7 13. Nd4 Be7 14. d3 cxd3 15.
Qxd3 Bb7 16. Qh3 Rc8 17. c4 g6 18. Bh6 e5 19. Ne2 Nf6 20. Qb3 Nfd7 21. Nc3 Bd8
22. Nd5 Bxd5 23. cxd5 g5 24. h4 Rg8 25. hxg5 Bxg5 26. Bxg5 Rxg5 27. Qe3 Rg6 28.
Rfc1 Ke7 29. Bd3 Nc5 30. Bxa6 Ra8 31. Bf1 Nbd7 32. Nb5 Qa5 33. a3 h5 34. Rb4
Rag8 35. Qh3 Rg4 36. f3 Rf4 37. Qxh5 Na6 38. Rb2 Qb6+ 39. Rf2 Nf6 40. Qh3 Nxe4
41. Rcc2 Ng5 0-1

[Event "Skakligaen 2022-23"]
[Site "Denmark"]
[Date "2023.01.14"]
[Round "5.3"]
[White "Ramsdal, Jens Albert"]
[Black "Chatalbashev, Boris"]
[Result "0-1"]
[WhiteElo "2318"]
[BlackElo "2488"]
[PlyCount "162"]
[EventDate "2022.10.29"]
[EventType "team-tourn"]
[EventRounds "9"]
[EventCountry "DEN"]
[SourceTitle "Holdskaksystemet"]
[WhiteTeam "SK1968"]
[BlackTeam "Koge"]

1. d4 Nf6 2. c4 e6 3. Nc3 d5 4. Nf3 dxc4 5. e4 Bb4 6. Bxc4 Nxe4 7. O-O Nf6 8.
Bg5 O-O 9. Qe2 Nbd7 10. Rad1 c6 11. Ne5 Qc7 12. Nxd7 Nxd7 13. Qg4 Re8 14. Ne4
Qa5 15. a3 Bf8 16. Qh4 f5 17. Bd2 Qa4 18. Ng5 Nf6 19. Ba2 Qc2 20. Bc1 h6 21.
Nf3 Qe4 22. Qg3 Qg4 23. Qc7 Re7 24. Qa5 Nd5 25. Ne5 Qh5 26. Rd3 g5 27. Rh3 Qe8
28. Qd2 Bg7 29. Re1 Bd7 30. Qd3 Rd8 31. Qg3 Bc8 32. Bb3 Nf6 33. Qd3 Kf8 34. Qc4
Rd5 35. Bd2 Ne4 36. Rxe4 fxe4 37. Bb4 Kg8 38. Qc3 Rd8 39. Qe3 Bxe5 40. dxe5 Rd3
41. Qxa7 Rxh3 42. gxh3 Rf7 43. Bd1 c5 44. Qxc5 Qc6 45. Bh5 Rf5 46. Qxc6 bxc6
47. Bd6 Rf4 48. Be2 Kf7 49. b4 Kg6 50. a4 Rf7 51. Bc5 Rd7 52. Bd6 Ra7 53. a5
Ba6 54. Kf1 Kf5 55. Bxa6 Rxa6 56. Kg2 Kf4 57. h4 g4 58. Bc5 h5 59. Bd4 Ra8 60.
h3 Ra6 61. Be3+ Kf5 62. Bd4 Ra8 63. Kg3 gxh3 64. Kxh3 Kf4 65. Be3+ Kxe5 66. Kg3
Kf5 67. Bc5 e5 68. Be3 Ke6 69. Kg2 Kd5 70. Kf1 Kc4 71. Bc5 Rxa5 72. bxa5 Kxc5
73. Ke2 Kb5 74. Ke3 Kxa5 75. Kxe4 c5 76. Kxe5 c4 77. Kf4 Kb4 78. Kg5 c3 79.
Kxh5 c2 80. f4 c1=Q 81. f5 Qf4 0-1

[Event "Skakligaen 2022-23"]
[Site "Denmark"]
[Date "2023.01.14"]
[Round "5.4"]
[White "Smith, Axel"]
[Black "Hansen, Lars"]
[Result "1-0"]
[WhiteElo "2402"]
[BlackElo "2259"]
[PlyCount "61"]
[EventDate "2022.10.29"]
[EventType "team-tourn"]
[EventRounds "9"]
[EventCountry "DEN"]
[SourceTitle "Holdskaksystemet"]
[WhiteTeam "Koge"]
[BlackTeam "SK1968"]

1. c4 b6 2. Nc3 Bb7 3. d4 e6 4. e4 Bb4 5. f3 f5 6. exf5 Nh6 7. fxe6 Nf5 8. Bf4
dxe6 9. Qa4+ Nc6 10. d5 exd5 11. O-O-O d4 12. Nd5 Bd6 13. Re1+ Kd7 14. Nh3 Kc8
15. Bd3 Rf8 16. Kb1 Qd7 17. Re2 Nce7 18. Qxd7+ Kxd7 19. Bxd6 cxd6 20. Nxe7 Nxe7
21. Rhe1 Nc6 22. Bxh7 Ne5 23. Be4 Bc6 24. Bxc6+ Kxc6 25. b3 b5 26. cxb5+ Kxb5
27. Ng5 Rf6 28. Ne4 Rh6 29. Nxd6+ Rxd6 30. Rxe5+ Kb4 31. Kb2 1-0

[Event "Skakligaen 2022-23"]
[Site "Denmark"]
[Date "2023.01.14"]
[Round "5.5"]
[White "Rewitz, Poul"]
[Black "Ahlander, Bjorn"]
[Result "0-1"]
[WhiteElo "2172"]
[BlackElo "2406"]
[PlyCount "126"]
[EventDate "2022.10.29"]
[EventType "team-tourn"]
[EventRounds "9"]
[EventCountry "DEN"]
[SourceTitle "Holdskaksystemet"]
[WhiteTeam "SK1968"]
[BlackTeam "Koge"]

1. Nf3 d5 2. b3 Nf6 3. Bb2 c5 4. e3 g6 5. c4 Bg7 6. cxd5 O-O 7. Bxf6 Bxf6 8.
Nc3 Qa5 9. Rc1 Bg4 10. Be2 Nd7 11. a4 Rac8 12. h3 Bxf3 13. gxf3 Rfd8 14. f4
Bxc3 15. dxc3 Nf6 16. Bf3 Nxd5 17. Qc2 Qb6 18. O-O Qf6 19. Rfd1 e6 20. Kg2 b6
21. c4 Nb4 22. Qb1 g5 23. fxg5 Qxg5+ 24. Kf1 Rxd1+ 25. Rxd1 Rd8 26. Rxd8+ Qxd8
27. Ke2 Qf6 28. Be4 h6 29. Qd1 Na2 30. Kf1 Qe5 31. Qg4+ Kf8 32. Qh4 Qa1+ 33.
Kg2 Qg7+ 34. Kf3 f6 35. Qf4 e5 36. Qf5 Qe7 37. Qc8+ Qe8 38. Qxe8+ Kxe8 39. Kg4
Nc3 40. Kf5 Ke7 41. Bf3 Kf7 42. h4 Na2 43. Bh5+ Kg7 44. Ke6 Nc1 45. Bd1 Nd3 46.
f3 Ne1 47. a5 Ng2 48. Kd6 Nxe3 49. Be2 Nf5+ 50. Kc7 bxa5 51. Bd1 Nxh4 52. Kc6
Nf5 53. Kxc5 Kf7 54. Kc6 Ke7 55. Kb7 h5 56. f4 h4 57. c5 h3 58. fxe5 fxe5 59.
Bf3 h2 60. Bh1 Ng3 61. Bg2 e4 62. c6 Nf5 63. c7 Nd6+ 0-1

[Event "Skakligaen 2022-23"]
[Site "Denmark"]
[Date "2023.01.14"]
[Round "5.6"]
[White "Jorgensen, Brian"]
[Black "Pedersen, Gunnar"]
[Result "1/2-1/2"]
[WhiteElo "2262"]
[BlackElo "2221"]
[PlyCount "36"]
[EventDate "2022.10.29"]
[EventType "team-tourn"]
[EventRounds "9"]
[EventCountry "DEN"]
[SourceTitle "Holdskaksystemet"]
[WhiteTeam "Koge"]
[BlackTeam "SK1968"]

1. d4 d5 2. Nf3 Nf6 3. c4 e6 4. Nc3 c6 5. e3 Nbd7 6. Bd3 dxc4 7. Bxc4 b5 8. Bd3
Bb7 9. O-O a6 10. a3 c5 11. Qe2 Be7 12. Rd1 Qc7 13. Bd2 Rc8 14. Rac1 Qb8 15.
Be1 O-O 16. Bb1 Rfd8 17. dxc5 Nxc5 18. b4 Nce4 1/2-1/2

[Event "Skakligaen 2022-23"]
[Site "Denmark"]
[Date "2023.01.14"]
[Round "5.7"]
[White "Christensen, Thomas K"]
[Black "Pedersen, Henrik Dahl"]
[Result "1-0"]
[WhiteElo "2187"]
[BlackElo "2233"]
[PlyCount "67"]
[EventDate "2022.10.29"]
[EventType "team-tourn"]
[EventRounds "9"]
[EventCountry "DEN"]
[SourceTitle "Holdskaksystemet"]
[WhiteTeam "SK1968"]
[BlackTeam "Koge"]

1. d4 Nf6 2. c4 e6 3. Nc3 d5 4. cxd5 exd5 5. Bg5 Be7 6. e3 h6 7. Bh4 O-O 8. Bd3
c6 9. Nge2 Nbd7 10. O-O Ne4 11. Bxe7 Qxe7 12. Bxe4 dxe4 13. d5 Nf6 14. dxc6
bxc6 15. Qa4 Rb8 16. Nd4 Rxb2 17. Nxc6 Qe6 18. Nd4 Qe5 19. h3 Qg5 20. Kh2 Qh5
21. Nce2 Rxe2 22. Nxe2 Qxe2 23. Qxa7 Qh5 24. Qc7 Be6 25. a4 Rc8 26. Qf4 Rc5 27.
Rab1 Rf5 28. Qb8+ Kh7 29. Rb5 Nd5 30. g4 Rxf2+ 31. Rxf2 Bxg4 32. Qg3 Bf3 33. a5
Qf5 34. Qd6 1-0

[Event "Skakligaen 2022-23"]
[Site "Denmark"]
[Date "2023.01.14"]
[Round "5.8"]
[White "Meskenas, Paulius"]
[Black "Sorensen, Torben Kyhl"]
[Result "1/2-1/2"]
[WhiteElo "2038"]
[BlackElo "2165"]
[PlyCount "71"]
[EventDate "2022.10.29"]
[EventType "team-tourn"]
[EventRounds "9"]
[EventCountry "DEN"]
[SourceTitle "Holdskaksystemet"]
[WhiteTeam "Koge"]
[BlackTeam "SK1968"]

1. e4 c5 2. Nf3 Nc6 3. c3 Nf6 4. e5 Nd5 5. d4 cxd4 6. cxd4 e6 7. Bc4 d6 8. O-O
Be7 9. Bd2 O-O 10. Nc3 dxe5 11. dxe5 Nxc3 12. Bxc3 b6 13. Qe2 Bc5 14. Rfd1 Qe7
15. a3 a5 16. Qe4 Bb7 17. Bd3 g6 18. Qf4 Rfd8 19. Bc2 Qf8 20. Ng5 Rxd1+ 21.
Rxd1 Rd8 22. Rxd8 Nxd8 23. Qh4 h6 24. Ne4 Bxe4 25. Qxe4 Qe8 26. b4 axb4 27.
axb4 Bf8 28. Qd4 Qc6 29. Be4 Qc7 30. g3 b5 31. Qd3 Nc6 32. Qxb5 Nxb4 33. Bd2
Qd8 34. Bxb4 Qd1+ 35. Qf1 Qxf1+ 36. Kxf1 1/2-1/2

[Event "Skakligaen 2022-23"]
[Site "Denmark"]
[Date "2023.01.15"]
[Round "6.1"]
[White "Petersen, Tom Petri"]
[Black "Hansen, Sune Berg"]
[Result "0-1"]
[WhiteElo "2300"]
[BlackElo "2525"]
[PlyCount "78"]
[EventDate "2022.10.29"]
[EventType "team-tourn"]
[EventRounds "9"]
[EventCountry "DEN"]
[SourceTitle "Holdskaksystemet"]
[WhiteTeam "Nordre"]
[BlackTeam "Hillerod"]

1. c4 g6 2. g3 Bg7 3. Bg2 d6 4. Nc3 Nf6 5. d4 O-O 6. Nf3 Nbd7 7. O-O e5 8. h3
exd4 9. Nxd4 Re8 10. e3 a5 11. b3 Nc5 12. Qc2 c6 13. Rb1 Bd7 14. Rd1 Qc8 15.
Kh2 h5 16. e4 Nh7 17. Nce2 Qc7 18. h4 Rad8 19. f3 Bc8 20. Nf4 Be5 21. Nde2 Nf6
22. Bb2 Qe7 23. Bc3 b6 24. Nd3 Nxd3 25. Rxd3 d5 26. Bxe5 Qxe5 27. Rbd1 Rd7 28.
f4 Qe7 29. cxd5 cxd5 30. e5 Ng4+ 31. Kg1 Ba6 32. Bxd5 Bxd3 33. Rxd3 Red8 34.
Qc4 Kg7 35. Nc3 Rc7 36. Qd4 Qc5 37. Ne4 Qxd4+ 38. Rxd4 Rc1+ 39. Kg2 Rxd5 0-1

[Event "Skakligaen 2022-23"]
[Site "Denmark"]
[Date "2023.01.15"]
[Round "6.2"]
[White "Schandorff, Lars"]
[Black "Sloth, Jorn"]
[Result "1-0"]
[WhiteElo "2476"]
[BlackElo "2296"]
[PlyCount "135"]
[EventDate "2022.10.29"]
[EventType "team-tourn"]
[EventRounds "9"]
[EventCountry "DEN"]
[SourceTitle "Holdskaksystemet"]
[WhiteTeam "Hillerod"]
[BlackTeam "Nordre"]

1. d4 e6 2. Bf4 Bd6 3. Bxd6 cxd6 4. c4 Nf6 5. Nc3 O-O 6. e3 b6 7. Nf3 d5 8.
cxd5 exd5 9. Qb3 Bb7 10. Be2 Kh8 11. O-O Nc6 12. a3 Qe7 13. Qa2 Qd6 14. Rac1
Rac8 15. Rfd1 Kg8 16. Bd3 Rfe8 17. Ne2 g6 18. Nf4 Kg7 19. b4 Ne7 20. Ne5 Rc7
21. Rxc7 Qxc7 22. Ne2 Rc8 23. Qb2 d6 24. Nf3 Ne4 25. Rc1 Qd8 26. Ne1 Rxc1 27.
Qxc1 Qc8 28. Qxc8 Nxc8 29. f3 Nf6 30. g4 h5 31. h3 hxg4 32. hxg4 Nh7 33. Nc3
Ng5 34. Kf2 Ne6 35. Ng2 Kf8 36. Kg3 Ke8 37. Nf4 Nxf4 38. Kxf4 Kf8 39. Bc2 Bc6
40. Bd3 Bb7 41. Bb5 Ne7 42. Bd7 a6 43. b5 axb5 44. Nxb5 Bc8 45. Bxc8 Nxc8 46.
Nc7 Ne7 47. g5 Kg8 48. Ne8 Nc8 49. Nf6+ Kf8 50. Nxd5 Ke8 51. Ke4 Kd7 52. Kd3
Kc6 53. e4 Kb5 54. Nc3+ Ka5 55. Kc4 b5+ 56. Kd5 b4 57. axb4+ Kxb4 58. Nd1 Kb5
59. Ne3 Kb6 60. Kc4 Na7 61. d5 Kc7 62. Kb4 Kd7 63. Ka5 Nc8 64. Ka6 Ne7 65. Kb7
Ng8 66. Ng4 Ne7 67. Nh6 Ke8 68. Kc7 1-0

[Event "Skakligaen 2022-23"]
[Site "Denmark"]
[Date "2023.01.15"]
[Round "6.3"]
[White "Christensen, Jan Schleicher"]
[Black "Percivaldi, Martin"]
[Result "0-1"]
[WhiteElo "2167"]
[BlackElo "2400"]
[PlyCount "72"]
[EventDate "2022.10.29"]
[EventType "team-tourn"]
[EventRounds "9"]
[EventCountry "DEN"]
[SourceTitle "Holdskaksystemet"]
[WhiteTeam "Nordre"]
[BlackTeam "Hillerod"]

1. d4 Nf6 2. Nf3 d5 3. c4 e6 4. Nc3 c6 5. g3 dxc4 6. Bg2 b5 7. Ne5 a6 8. O-O
Bb7 9. a4 Qc8 10. e4 Nbd7 11. Nxd7 Nxd7 12. d5 Nc5 13. Be3 Nd3 14. b3 Bb4 15.
Qc2 cxd5 16. exd5 O-O 17. axb5 axb5 18. Nxb5 Rxa1 19. Rxa1 Bxd5 20. bxc4 Ne1
21. Qb3 Bxg2 22. Qxb4 Nc2 23. Qc3 Nxe3 24. fxe3 Ba8 25. Qd4 Qc6 26. e4 Qxe4 27.
Qxe4 Bxe4 28. Kf2 g5 29. Ke3 Ra8 30. Rxa8+ Bxa8 31. Kd4 Kf8 32. Kc5 Ke7 33. Kb6
f5 34. c5 f4 35. gxf4 gxf4 36. Na7 f3 0-1

[Event "Skakligaen 2022-23"]
[Site "Denmark"]
[Date "2023.01.15"]
[Round "6.4"]
[White "Borge, Nikolaj"]
[Black "Andersen, Thomas Klitgaard"]
[Result "1-0"]
[WhiteElo "2388"]
[BlackElo "2137"]
[PlyCount "79"]
[EventDate "2022.10.29"]
[EventType "team-tourn"]
[EventRounds "9"]
[EventCountry "DEN"]
[SourceTitle "Holdskaksystemet"]
[WhiteTeam "Hillerod"]
[BlackTeam "Nordre"]

1. e4 e6 2. d4 d5 3. e5 c5 4. c3 Qb6 5. Nf3 Nc6 6. Bd3 cxd4 7. O-O Bd7 8. Re1
a6 9. Nbd2 Rc8 10. Nb3 dxc3 11. bxc3 Na5 12. Be3 Qc7 13. Nxa5 Qxa5 14. Qb1 b5
15. a4 b4 16. cxb4 Bxb4 17. Bxa6 Bxe1 18. Bxc8 Bxc8 19. Nxe1 Bd7 20. Qb8+ Qd8
21. Qb4 Ne7 22. Bc5 f6 23. exf6 gxf6 24. a5 Kf7 25. a6 Bc6 26. a7 Ba8 27. Bxe7
Qxe7 28. Qxe7+ Kxe7 29. Rb1 Rc8 30. Rb8 Kd7 31. Nd3 e5 32. f3 e4 33. Nc5+ Kc7
34. Kf2 exf3 35. gxf3 d4 36. Ne6+ Kd7 37. Nxd4 Bd5 38. Rb5 Kd6 39. Nf5+ Ke5 40.
Rxd5+ 1-0

[Event "Skakligaen 2022-23"]
[Site "Denmark"]
[Date "2023.01.15"]
[Round "6.6"]
[White "Jaksland, Tim"]
[Black "Hoiberg, Nina"]
[Result "1/2-1/2"]
[WhiteElo "2100"]
[BlackElo "2144"]
[PlyCount "166"]
[EventDate "2022.10.29"]
[EventType "team-tourn"]
[EventRounds "9"]
[EventCountry "DEN"]
[SourceTitle "Holdskaksystemet"]
[WhiteTeam "Hillerod"]
[BlackTeam "Nordre"]

1. e4 e5 2. Nf3 Nc6 3. d4 exd4 4. Nxd4 Bc5 5. Nb3 Bb6 6. Nc3 d6 7. Bf4 Nf6 8.
Qd2 Ng4 9. Bg3 Qf6 10. O-O-O Qh6 11. Qxh6 Nxh6 12. Nd5 Be6 13. Bb5 O-O-O 14.
Nxb6+ axb6 15. Rhe1 f6 16. Nd4 Bd7 17. Bf1 Nxd4 18. Rxd4 Nf7 19. f3 Rhe8 20.
Rdd1 Bc6 21. b3 Kd7 22. Kb2 Ke7 23. a4 Ra8 24. Rd4 Kf8 25. Ra1 Ra7 26. Be1 Rea8
27. Rdd1 Ne5 28. Bc3 g5 29. Re1 Kf7 30. Rad1 h5 31. Re3 h4 32. Be2 Rh8 33. Rf1
Ng6 34. g3 hxg3 35. hxg3 Rh3 36. Rg1 Ra8 37. Bf1 Rh2 38. Bc4+ Ke7 39. f4 Rf8
40. e5 fxe5 41. fxe5 Nxe5 42. Bxe5 dxe5 43. Rxe5+ Kd8 44. Rd1+ Kc8 45. Rxg5 Be4
46. Bd3 Rd8 47. Kc3 Rd6 48. Rg8+ Kd7 49. Rg7+ Kc8 50. Rf1 Bxd3 51. Rf8+ Rd8 52.
Rxd8+ Kxd8 53. Kxd3 Rh3 54. Kd4 Rh2 55. Kc3 Rh3 56. Kb2 Kc8 57. Rg8+ Kd7 58. g4
Kc6 59. Rg7 Rg3 60. b4 Kd6 61. c3 Kc6 62. Kb3 Rg1 63. g5 Rg4 64. g6 Rg3 65. Rg8
b5 66. a5 Rg2 67. Rg7 Kd6 68. Rg8 Kc6 69. Ka3 Rg3 70. Kb2 Rg2+ 71. Kb3 Rg3 72.
Kc2 Kd5 73. Kd2 Kc4 74. g7 Rg2+ 75. Ke3 Kxc3 76. Rb8 Rxg7 77. Rxb7 Re7+ 78. Kf2
Kxb4 79. a6 Re6 80. a7 Ra6 81. Rxc7 Kb3 82. Ke3 b4 83. Kd2 Kb2 1/2-1/2

[Event "Skakligaen 2022-23"]
[Site "Denmark"]
[Date "2023.01.15"]
[Round "6.7"]
[White "Holst, Per"]
[Black "Pedersen, Jan Nordenbaek"]
[Result "1/2-1/2"]
[WhiteElo "2075"]
[BlackElo "2132"]
[PlyCount "22"]
[EventDate "2022.10.29"]
[EventType "team-tourn"]
[EventRounds "9"]
[EventCountry "DEN"]
[SourceTitle "Holdskaksystemet"]
[WhiteTeam "Nordre"]
[BlackTeam "Hillerod"]

1. c4 Nf6 2. Nc3 g6 3. e4 d6 4. d4 Bg7 5. f3 O-O 6. Be3 c5 7. Nge2 Nc6 8. d5
Ne5 9. Ng3 h5 10. Be2 e6 11. O-O exd5 1/2-1/2

[Event "Skakligaen 2022-23"]
[Site "Denmark"]
[Date "2023.01.15"]
[Round "6.8"]
[White "Erichsen, Dan"]
[Black "Pedersen, Peer Ole"]
[Result "1/2-1/2"]
[WhiteElo "2069"]
[BlackElo "2085"]
[PlyCount "116"]
[EventDate "2022.10.29"]
[EventType "team-tourn"]
[EventRounds "9"]
[EventCountry "DEN"]
[SourceTitle "Holdskaksystemet"]
[WhiteTeam "Hillerod"]
[BlackTeam "Nordre"]

1. e4 e5 2. Nf3 Nc6 3. Bb5 a6 4. Ba4 Nf6 5. O-O Be7 6. Re1 b5 7. Bb3 O-O 8. h3
d6 9. c3 Na5 10. Bc2 c5 11. d4 cxd4 12. cxd4 Nc6 13. Nbd2 Qc7 14. Bb1 a5 15.
Nf1 Nb4 16. a3 Nc6 17. d5 Nb8 18. Bd3 Bd7 19. Qe2 Qb7 20. Bd2 a4 21. b4 axb3
22. Reb1 Na6 23. Rxb3 Nc5 24. Rb2 Rfb8 25. Bb4 Nxd3 26. Qxd3 Bf8 27. Rc2 Rc8
28. Rac1 Rxc2 29. Rxc2 Rc8 30. Ne3 Rxc2 31. Qxc2 Qc8 32. Qxc8 Bxc8 33. Nd2 g6
34. Nd1 Bh6 35. Nb3 Nxe4 36. f3 Nf6 37. Nc3 Bb7 38. Bxd6 Nxd5 39. Nxb5 f6 40.
Bc5 Bc6 41. Nd6 Ba4 42. Na5 Nc7 43. Nac4 Na6 44. Ba7 Bf8 45. Kf2 Bb3 46. Ke3
Bxc4 47. Nxc4 Kf7 48. a4 Ke6 49. Bb6 Kd5 50. Nd2 f5 51. Kd3 Bc5 52. a5 Bd4 53.
Ke2 Nb4 54. g3 Na6 55. Kd3 e4+ 56. fxe4+ fxe4+ 57. Ke2 Nb4 58. Nb3 Be5 1/2-1/2

[Event "Skakligaen 2022-23"]
[Site "Denmark"]
[Date "2023.01.15"]
[Round "6.1"]
[White "Nielsen, Viktor Haarmark"]
[Black "Mikkelsen, Nikolaj"]
[Result "0-1"]
[WhiteElo "2384"]
[BlackElo "2475"]
[PlyCount "174"]
[EventDate "2022.10.29"]
[EventType "team-tourn"]
[EventRounds "9"]
[EventCountry "DEN"]
[SourceTitle "Holdskaksystemet"]
[WhiteTeam "Obro"]
[BlackTeam "BMS"]

1. d4 d5 2. c4 e6 3. Nf3 a6 4. g3 dxc4 5. Bg2 Nc6 6. O-O Rb8 7. Nc3 Nf6 8. e4
Be7 9. d5 exd5 10. exd5 Nb4 11. Ne5 Bf5 12. a3 Nd3 13. Nxc4 O-O 14. Be3 Re8 15.
Qe2 Nc5 16. Rad1 Ng4 17. b4 Nd7 18. Qd2 Nde5 19. Nxe5 Nxe5 20. Bd4 Nc4 21. Qa2
Nd6 22. Rfe1 Bf6 23. Rxe8+ Nxe8 24. Qd2 Bxd4 25. Qxd4 Nd6 26. Re1 Qd7 27. Bf1
Re8 28. Re3 h6 29. h4 Re7 30. a4 Qe8 31. Rxe7 Qxe7 32. a5 Qe1 33. Qe3 Qxe3 34.
fxe3 Kf8 35. Bg2 Ke7 36. e4 Bc8 37. Kf2 Kf6 38. Ke3 Ke5 39. Ne2 f5 40. exf5
Nxf5+ 41. Kd3 Bd7 42. Nf4 Nxh4 43. gxh4 Kxf4 44. Kd4 Kg3 45. Be4 Kxh4 46. d6
cxd6 47. Bxb7 Bb5 48. Be4 g5 49. Bd3 g4 50. Bxb5 axb5 51. a6 g3 52. a7 g2 53.
a8=Q g1=Q+ 54. Kc3 Qe3+ 55. Kb2 Qd4+ 56. Ka2 Qc4+ 57. Ka1 Qxb4 58. Qd8+ Kg3 59.
Qg8+ Qg4 60. Qb3+ Qf3 61. Qxb5 d5 62. Qb8+ Kg2 63. Qb2+ Kh3 64. Qb3 Kg4 65.
Qb4+ Qe4 66. Qf8 Qe5+ 67. Ka2 h5 68. Qf2 Qe4 69. Ka1 h4 70. Qg1+ Kf5 71. Qf1+
Ke5 72. Qh3 Qe1+ 73. Ka2 Qg3 74. Qd7 Qg2+ 75. Kb3 Qf3+ 76. Kb2 h3 77. Qe7+ Kf4
78. Qd6+ Ke3 79. Qc5+ Ke2 80. Qc2+ Kf1 81. Ka1 Qa3+ 82. Kb1 Qb4+ 83. Ka1 Qd4+
84. Kb1 Qe4 85. Ka1 h2 86. Qxh2 Qe1+ 87. Kb2 Qe2+ 0-1

[Event "Skakligaen 2022-23"]
[Site "Denmark"]
[Date "2023.01.15"]
[Round "6.2"]
[White "Haubro, Martin"]
[Black "Nunez, Ruben Domingo"]
[Result "0-1"]
[WhiteElo "2398"]
[BlackElo "2383"]
[PlyCount "60"]
[EventDate "2022.10.29"]
[EventType "team-tourn"]
[EventRounds "9"]
[EventCountry "DEN"]
[SourceTitle "Holdskaksystemet"]
[WhiteTeam "BMS"]
[BlackTeam "Obro"]

1. e4 e6 2. d4 d5 3. Nc3 Nf6 4. e5 Nfd7 5. f4 c5 6. Nf3 Nc6 7. Be3 Be7 8. Qd2
O-O 9. dxc5 Qa5 10. a3 a6 11. O-O-O b6 12. cxb6 Bxa3 13. Nb1 Bb4 14. c3 Bc5 15.
b4 Nxb4 16. cxb4 Bxb4 17. Qb2 Rb8 18. Nd4 Rxb6 19. Nc2 Nc5 20. Rd4 Be1 21. Ra4
Nxa4 22. Bxb6 Nxb6 23. g3 Bd7 24. Qd4 Rc8 25. Bxa6 Qxa6 26. Rxe1 Ba4 27. Nba3
Bb3 28. Qb4 Nc4 29. Kb1 Ra8 30. Rc1 Bxc2+ 0-1

[Event "Skakligaen 2022-23"]
[Site "Denmark"]
[Date "2023.01.15"]
[Round "6.3"]
[White "Hansen, Mads Smith"]
[Black "Liu, Casper Yukun"]
[Result "0-1"]
[WhiteElo "2375"]
[BlackElo "2317"]
[PlyCount "86"]
[EventDate "2022.10.29"]
[EventType "team-tourn"]
[EventRounds "9"]
[EventCountry "DEN"]
[SourceTitle "Holdskaksystemet"]
[WhiteTeam "Obro"]
[BlackTeam "BMS"]

1. e4 c6 2. d4 d5 3. Nc3 dxe4 4. Nxe4 Nf6 5. Ng3 h5 6. h4 e5 7. Nf3 exd4 8. Bc4
Bg4 9. Qxd4 Bd6 10. Bg5 Bxf3 11. Qe3+ Qe7 12. Qxe7+ Bxe7 13. gxf3 Nbd7 14.
O-O-O Ne5 15. Nf5 Nxc4 16. Rhe1 O-O 17. Rxe7 Nd5 18. Rxb7 Rfb8 19. Rxb8+ Rxb8
20. b3 Ne5 21. Bd2 g6 22. c4 gxf5 23. cxd5 cxd5 24. Bc3 Nxf3 25. Rxd5 Nxh4 26.
Bf6 Ng6 27. Rxf5 h4 28. Rh5 Rb4 29. Bc3 Rf4 30. Be1 Rf3 31. Kd1 h3 32. Ke2 Rxb3
33. axb3 Nf4+ 34. Kf3 Nxh5 35. Ba5 f5 36. Bc7 f4 37. b4 a6 38. Bb8 Kf7 39. Ba7
Ke6 40. Bb8 Kd5 41. Bc7 Kc4 42. Bd6 Kd3 43. Bc5 Kd2 0-1

[Event "Skakligaen 2022-23"]
[Site "Denmark"]
[Date "2023.01.15"]
[Round "6.4"]
[White "Rostgaard, Tobias Valentin"]
[Black "Christensen, Stefan"]
[Result "1-0"]
[WhiteElo "2323"]
[BlackElo "2293"]
[PlyCount "73"]
[EventDate "2022.10.29"]
[EventType "team-tourn"]
[EventRounds "9"]
[EventCountry "DEN"]
[SourceTitle "Holdskaksystemet"]
[WhiteTeam "BMS"]
[BlackTeam "Obro"]

1. e4 e6 2. d4 d5 3. Nd2 c5 4. Ngf3 cxd4 5. exd5 Qxd5 6. Bc4 Qd7 7. O-O Nc6 8.
Nb3 Nf6 9. Nbxd4 Nxd4 10. Nxd4 a6 11. Re1 Qc7 12. Bf1 b5 13. a4 b4 14. a5 Bb7
15. c3 Bd6 16. Qa4+ Kf8 17. h3 h5 18. Rxe6 Bh2+ 19. Kh1 Ng4 20. hxg4 hxg4 21.
Rh6 gxh6 22. Qxb4+ Bd6 23. Bf4 Bxb4 24. Bxc7 Bc5 25. Be5 Rg8 26. b4 Bxd4 27.
Bxd4 Ke7 28. Re1+ Kd7 29. Rd1 Bd5 30. Bc5 Kc6 31. c4 Be6 32. g3 Rac8 33. Bg2+
Kc7 34. Bb6+ Kb8 35. b5 Bxc4 36. Rd7 Rce8 37. Ra7 1-0

[Event "Skakligaen 2022-23"]
[Site "Denmark"]
[Date "2023.01.15"]
[Round "6.5"]
[White "Rasmussen, Casper Dahl"]
[Black "Kistrup, Nicolai"]
[Result "0-1"]
[WhiteElo "2289"]
[BlackElo "2274"]
[PlyCount "76"]
[EventDate "2022.10.29"]
[EventType "team-tourn"]
[EventRounds "9"]
[EventCountry "DEN"]
[SourceTitle "Holdskaksystemet"]
[WhiteTeam "Obro"]
[BlackTeam "BMS"]

1. Nf3 d5 2. d4 Nf6 3. Bf4 c5 4. e3 Nc6 5. c3 Qb6 6. Qb3 c4 7. Qxb6 axb6 8.
Nbd2 b5 9. Ne5 e6 10. Be2 Bd7 11. O-O b4 12. e4 b5 13. Bf3 bxc3 14. bxc3 Ra3
15. exd5 Nxd5 16. Bxd5 exd5 17. Rfe1 Nxe5 18. Rxe5+ Be6 19. Rb1 Rxa2 20. Nf1 b4
21. cxb4 Kd7 22. Ree1 Bd6 23. Bxd6 Kxd6 24. Ne3 Rb8 25. Kf1 Ra4 26. b5 Ra5 27.
b6 Kc6 28. b7 Rxb7 29. Rxb7 Kxb7 30. Rb1+ Kc6 31. Rb2 Ra3 32. Ke2 g6 33. h4 h5
34. g3 Rd3 35. f3 Ra3 36. Nc2 Ra8 37. Ne3 Bf5 38. Kd2 Ra3 0-1

[Event "Skakligaen 2022-23"]
[Site "Denmark"]
[Date "2023.01.15"]
[Round "6.6"]
[White "Jacobsen, Mikkel Manosri"]
[Black "Hansen, Soren Bech"]
[Result "1/2-1/2"]
[WhiteElo "2267"]
[BlackElo "2275"]
[PlyCount "78"]
[EventDate "2022.10.29"]
[EventType "team-tourn"]
[EventRounds "9"]
[EventCountry "DEN"]
[SourceTitle "Holdskaksystemet"]
[WhiteTeam "BMS"]
[BlackTeam "Obro"]

1. d4 f5 2. Bf4 Nf6 3. e3 e6 4. Nf3 Be7 5. h3 b6 6. Bd3 Bb7 7. O-O O-O 8. c4
Ne4 9. Nfd2 d5 10. Nc3 c6 11. Rc1 Nd7 12. f3 Nxc3 13. Rxc3 c5 14. Nb3 Rc8 15.
Qe2 b5 16. cxd5 c4 17. dxe6 cxd3 18. Qxd3 Rxc3 19. bxc3 Nb6 20. Na5 Ba8 21.
Qxb5 Nd5 22. Nc6 Nxc3 23. Nxe7+ Qxe7 24. Qa6 Nd5 25. Be5 Nxe3 26. Re1 f4 27.
Rc1 Qg5 28. g4 Nxg4 29. hxg4 Bxf3 30. Kf2 Be4 31. Rc8 Qh4+ 32. Ke2 Qh2+ 33. Kd1
Qg1+ 34. Kd2 Qf2+ 35. Kc1 Qe1+ 36. Kb2 Qb4+ 37. Kc1 Qe1+ 38. Kb2 Qb4+ 39. Kc1
Qe1+ 1/2-1/2

[Event "Skakligaen 2022-23"]
[Site "Denmark"]
[Date "2023.01.15"]
[Round "6.7"]
[White "Larsen, Karsten"]
[Black "Sahl, Bjarke"]
[Result "1/2-1/2"]
[WhiteElo "2241"]
[BlackElo "2251"]
[PlyCount "84"]
[EventDate "2022.10.29"]
[EventType "team-tourn"]
[EventRounds "9"]
[EventCountry "DEN"]
[SourceTitle "Holdskaksystemet"]
[WhiteTeam "Obro"]
[BlackTeam "BMS"]

1. e4 e5 2. Nf3 Nc6 3. Bb5 a6 4. Ba4 Nf6 5. O-O Be7 6. Bxc6 dxc6 7. Qe1 O-O 8.
d3 Nd7 9. Nbd2 Re8 10. Nc4 Bf6 11. Bd2 Nf8 12. Bc3 Ng6 13. Qe3 h6 14. Rfe1 Bg5
15. Nxg5 Qxg5 16. Qxg5 hxg5 17. d4 exd4 18. Bxd4 Be6 19. Ne3 Rad8 20. Bc3 f6
21. f3 Kf7 22. Kf2 c5 23. a3 Ne7 24. Rad1 Nc6 25. Rxd8 Rxd8 26. Rd1 Rxd1 27.
Nxd1 a5 28. Ne3 a4 29. Bd2 b5 30. Ke1 Ke7 31. Kd1 Kd6 32. Be1 Nd4 33. h4 gxh4
34. Bxh4 b4 35. Kc1 Nb5 36. Bg3+ Kd7 37. Nd1 Bc4 38. Ne3 Be6 39. Nd1 Bc4 40.
Ne3 bxa3 41. bxa3 Be6 42. Kb2 Nd4 1/2-1/2